[Event "Dimitrovgrad-ch"]
[Site "Dimitrovgrad"]
[Date "2009.??.??"]
[Round "1"]
[White "Grigoriev, E."]
[Black "Burdyko, Alexander"]
[Result "0-1"]
[WhiteElo "2235"]
[BlackElo "2125"]
[PlyCount "110"]
[EventDate "2009.08.??"]
[EventType "swiss"]
[EventRounds "9"]
[EventCountry "RUS"]
[SourceTitle "EXT 2012"]
[Source "ChessBase"]
[SourceDate "2011.11.24"]
[SourceVersion "1"]
[SourceVersionDate "2011.11.24"]
[SourceQuality "1"]

1. c4 c6 2. Nc3 d5 3. cxd5 cxd5 4. g3 Nf6 5. Bg2 Nc6 6. Nf3 d4 7. Nb5 e5 8. 0-0 Qa5 9. a4 a6 10. Na3 e4 11. Ne1 Qh5 12. f3 Bc5 13. d3 e3 14. Nc4 0-0 15. Nc2 Qg6 16. a5 Be6 17. b4 Nxb4 18. Nxb4 Bxb4 19. Qb3 Bc3 20. Bb2 Nd5 21. f4 Rfd8 22. Be4 f5 23. Bg2 Bxb2 24. Qxb2 Nc3 25. Nxe3 Qf6 26. Nc4 Bxc4 27. dxc4 Qe6 28. Rfe1 Qe3+ 29. Kh1 Ne4 30. Bxe4 Qxe4+ 31. Kg1 Rd6 32. Rab1 Rb8 33. Qb3 Re6 34. c5 Rc8 35. Rbc1 Kf8 36. Qb4 Rec6 37. Red1 d3 38. Qxe4 fxe4 39. exd3 Rxc5 40. Ra1 e3 41. Re1 Re8 42. Ra4 Rc3 43. Rd4 Re7 44. h3 Rc5 45. Ra4 Ke8 46. Kg2 Rc2+ 47. Kg1 Kd7 48. Kf1 Kc6 49. Re2 Rc3 50. Rd4 Kc5 51. Rd8 Kb4 52. d4 Rd3 53. Ra2 Kb3 54. Ra1 e2+ 55. Kf2 Rd1 0-1

[Event "Dimitrovgrad-ch"]
[Site "Dimitrovgrad"]
[Date "2009.??.??"]
[Round "7"]
[White "Grigoriev, E."]
[Black "Kuznetsov, Vladimir1111"]
[Result "1-0"]
[WhiteElo "2235"]
[BlackElo "1940"]
[PlyCount "57"]
[EventDate "2009.08.??"]
[EventType "swiss"]
[EventRounds "9"]
[EventCountry "RUS"]
[SourceTitle "EXT 2012"]
[Source "ChessBase"]
[SourceDate "2011.11.24"]
[SourceVersion "1"]
[SourceVersionDate "2011.11.24"]
[SourceQuality "1"]

1. e4 c5 2. Nf3 d6 3. d4 cxd4 4. Nxd4 Nf6 5. Nc3 g6 6. Be2 Bg7 7. 0-0 Nc6 8. Be3 0-0 9. f4 Bd7 10. Kh1 a6 11. a4 Qc8 12. a5 Bg4 13. h3 Bxh3 14. Nxc6 bxc6 15. f5 Nxe4 16. Nxe4 Bxf5 17. Nc3 Rb8 18. Bb6 d5 19. Bd3 Bg4 20. Qd2 e5 21. Na4 f5 22. Ba7 e4 23. Bxb8 Qxb8 24. Be2 Qg3 25. Qe1 Qe3 26. Bxg4 Qh6+ 27. Bh3 f4 28. Nc5 Rf5 29. Nxe4 1-0

[Event "Dimitrovgrad-ch"]
[Site "Dimitrovgrad"]
[Date "2009.??.??"]
[Round "6"]
[White "Nevsky, Igor"]
[Black "Grigoriev, E."]
[Result "0-1"]
[WhiteElo "1960"]
[BlackElo "2235"]
[PlyCount "68"]
[EventDate "2009.08.??"]
[EventType "swiss"]
[EventRounds "9"]
[EventCountry "RUS"]
[SourceTitle "EXT 2012"]
[Source "ChessBase"]
[SourceDate "2011.11.24"]
[SourceVersion "1"]
[SourceVersionDate "2011.11.24"]
[SourceQuality "1"]

1. e4 e5 2. Nc3 Bc5 3. Qg4 g6 4. Nf3 d6 5. Qg3 Be6 6. Na4 Nd7 7. Nxc5 Nxc5 8. d3 Qd7 9. Be2 0-0-0 10. b4 Na4 11. Bd2 f5 12. Ng5 Nf6 13. Nxe6 Qxe6 14. Qe3 Nb6 15. 0-0 Kb8 16. a4 f4 17. Qf3 g5 18. d4 exd4 19. Bd3 Nbd7 20. Qe2 Ne5 21. f3 c5 22. c4 Nfd7 23. Rfc1 h5 24. Be1 g4 25. Qf1 gxf3 26. gxf3 Nxd3 27. Qxd3 Qh3 28. Qe2 Rhg8+ 29. Kh1 Ne5 30. Ra3 d3 31. Qf2 Rg3 32. Bd2 Rdg8 33. Bxf4 Rxf3 34. Qe1 Qg2# 0-1

[Event "Marianske Lazne GM"]
[Site "Marianske Lazne"]
[Date "2006.01.27"]
[Round "9"]
[White "Grigoriev, E."]
[Black "Neelotpal, Das"]
[Result "0-1"]
[WhiteElo "2276"]
[BlackElo "2512"]
[PlyCount "94"]
[EventDate "2006.01.21"]
[EventType "tourn"]
[EventRounds "11"]
[EventCountry "CZE"]
[EventCategory "7"]
[SourceTitle "CBM 110 Extra"]
[Source "ChessBase"]
[SourceDate "2006.03.10"]
[SourceVersion "2"]
[SourceVersionDate "2006.03.10"]
[SourceQuality "1"]

1. c4 e5 2. Nc3 Nf6 3. g3 Bb4 4. Bg2 0-0 5. d3 Re8 6. e4 c6 7. Qb3 Na6 8. a3 Bxc3+ 9. Qxc3 d5 10. Ne2 dxe4 11. dxe4 Nc5 12. f3 Qd3 13. b4 Qxc3+ 14. Nxc3 Nb3 15. Rb1 Nxc1 16. Rxc1 a5 17. b5 Be6 18. Na4 Rac8 19. 0-0 Nd7 20. Rfd1 Kf8 21. Bf1 Ke7 22. bxc6 bxc6 23. Rb1 Rb8 24. Kf2 g5 25. Bd3 Rxb1 26. Rxb1 Kd6 27. Be2 h5 28. Rd1+ Kc7 29. Rb1 g4 30. Ke3 f6 31. Kf2 Rh8 32. Kg2 Rg8 33. Kf2 gxf3 34. Kxf3 h4 35. Kf2 Rh8 36. Kg2 Rg8 37. Kf2 hxg3+ 38. hxg3 f5 39. exf5 Bxf5 40. Rg1 Nf6 41. Ke3 Rb8 42. Bd1 Ng4+ 43. Ke2 Be6 44. c5 Rd8 45. Nb6 Nf6 46. Bc2 Rh8 47. Bd3 Rh2+ 0-1

[Event "Marianske Lazne GM"]
[Site "Marianske Lazne"]
[Date "2006.01.26"]
[Round "7"]
[White "Grigoriev, E."]
[Black "Sergeev, Vladimir"]
[Result "0-1"]
[WhiteElo "2276"]
[BlackElo "2434"]
[PlyCount "96"]
[EventDate "2006.01.21"]
[EventType "tourn"]
[EventRounds "11"]
[EventCountry "CZE"]
[EventCategory "7"]
[SourceTitle "CBM 110 Extra"]
[Source "ChessBase"]
[SourceDate "2006.03.10"]
[SourceVersion "2"]
[SourceVersionDate "2006.03.10"]
[SourceQuality "1"]

1. c4 g6 2. Nc3 Bg7 3. e4 c5 4. g3 Nc6 5. Bg2 d6 6. Nge2 e6 7. 0-0 Nge7 8. d3 a6 9. Rb1 b5 10. cxb5 axb5 11. Nxb5 Ba6 12. a4 Rb8 13. Nec3 h6 14. Be3 0-0 15. Qd2 Kh7 16. Rfc1 e5 17. Na3 Na5 18. Qd1 Nb3 19. Rc2 f5 20. Ncb5 f4 21. Bd2 Nc6 22. Be1 Qd7 23. Rc4 Ncd4 24. Rc3 f3 25. Bf1 Bxb5 26. Nxb5 Qe6 27. Nxd4 exd4 28. Rc4 g5 29. a5 g4 30. Qc2 Rf7 31. Ra4 Be5 32. Qc4 Qxc4 33. dxc4 Ra7 34. Ra3 d3 35. Bxd3 Kg7 36. Kf1 Kf6 37. Bc2 Nd4 38. Ba4 h5 39. h4 gxh3 40. Kg1 Ke6 41. b4 cxb4 42. Rxb4 Rg8 43. Bd1 h4 44. Kh2 Rf7 45. Rb2 Rfg7 46. Rxf3 Nxf3+ 47. Bxf3 hxg3+ 48. fxg3 Bxb2 0-1

[Event "Marianske Lazne GM"]
[Site "Marianske Lazne"]
[Date "2006.01.22"]
[Round "2"]
[White "Grigoriev, E."]
[Black "Heberla, Bartlomiej"]
[Result "0-1"]
[WhiteElo "2276"]
[BlackElo "2487"]
[PlyCount "58"]
[EventDate "2006.01.21"]
[EventType "tourn"]
[EventRounds "11"]
[EventCountry "CZE"]
[EventCategory "7"]
[SourceTitle "CBM 110 Extra"]
[Source "ChessBase"]
[SourceDate "2006.03.10"]
[SourceVersion "2"]
[SourceVersionDate "2006.03.10"]
[SourceQuality "1"]

1. c4 e5 2. e3 Nf6 3. Nc3 Nc6 4. Nf3 Bb4 5. Qc2 Bxc3 6. Qxc3 Qe7 7. d3 d5 8. cxd5 Nxd5 9. Qc2 Ndb4 10. Qc3 Nd4 11. Bd2 Nbc2+ 12. Kd1 Nxf3 13. Kxc2 Nxd2 14. Kxd2 0-0 15. Rc1 c6 16. Be2 f5 17. g3 Re8 18. h4 Qf7 19. h5 h6 20. a3 Be6 21. f4 Bd5 22. Rhg1 Qc7 23. Rcf1 Rad8 24. fxe5 Rxe5 25. g4 Rde8 26. gxf5 Rxe3 27. Rf2 Qe7 28. Bd1 Re1 29. Rgf1 Rxf1 0-1

[Event "Chigorin Memorial 13th"]
[Site "St Petersburg"]
[Date "2005.10.23"]
[Round "9"]
[White "Eidelson, Rakhil"]
[Black "Grigoriev, E."]
[Result "1-0"]
[WhiteElo "2192"]
[BlackElo "2286"]
[PlyCount "77"]
[EventDate "2005.10.15"]
[EventType "swiss"]
[EventRounds "9"]
[EventCountry "RUS"]
[SourceTitle "CBM 108 Extra"]
[Source "ChessBase"]
[SourceDate "2005.11.04"]
[SourceVersion "1"]
[SourceVersionDate "2005.11.04"]
[SourceQuality "1"]

1. e4 d6 2. d4 g6 3. Nc3 Bg7 4. h3 Nf6 5. Nf3 0-0 6. Be3 c6 7. a4 Qa5 8. Bd3 Na6 9. 0-0 e5 10. dxe5 dxe5 11. Rb1 Nb4 12. Bc4 a6 13. Bb3 Bd7 14. Qd6 b6 15. Bg5 Qc5 16. Qxc5 bxc5 17. Be3 c4 18. Bxc4 Nxc2 19. Bc5 Rfd8 20. Nxe5 Be8 21. Nf3 a5 22. Rfd1 Rxd1+ 23. Rxd1 Rb8 24. Rd2 Nb4 25. e5 Nfd5 26. Ne4 h6 27. Nd6 Bd7 28. Re2 Nc7 29. Bxf7+ Kh7 30. e6 Nd3 31. Ba7 Rd8 32. Nb7 Nxe6 33. Nxd8 Nxd8 34. Re7 Bf5 35. Bc4 c5 36. Bxd3 Bxd3 37. Rd7 Nc6 38. Bxc5 Bc2 39. Bf8 1-0

[Event "Chigorin Memorial 13th"]
[Site "St Petersburg"]
[Date "2005.10.21"]
[Round "7"]
[White "Grigoriev, E."]
[Black "Giri, Anish"]
[Result "1-0"]
[WhiteElo "2286"]
[BlackElo "2122"]
[PlyCount "95"]
[EventDate "2005.10.15"]
[EventType "swiss"]
[EventRounds "9"]
[EventCountry "RUS"]
[SourceTitle "CBM 108 Extra"]
[Source "ChessBase"]
[SourceDate "2005.11.04"]
[SourceVersion "1"]
[SourceVersionDate "2005.11.04"]
[SourceQuality "1"]

1. c4 Nc6 2. Nc3 Nf6 3. g3 e5 4. Bg2 Bc5 5. a3 a5 6. e3 0-0 7. Nge2 Re8 8. 0-0 d6 9. d4 Ba7 10. d5 Nb8 11. b4 e4 12. Bb2 Bf5 13. Nd4 Bxd4 14. Qxd4 axb4 15. axb4 Rxa1 16. Rxa1 Nbd7 17. c5 Nf8 18. Ra7 Qb8 19. cxd6 cxd6 20. Qb6 Re7 21. b5 Qc7 22. Qxc7 Rxc7 23. h3 h5 24. b6 Rc4 25. Nb5 Nxd5 26. Nxd6 Rb4 27. Bd4 Be6 28. Rxb7 Nd7 29. Bxe4 N5xb6 30. Bc6 Rb3 31. Ne8 f6 32. Nc7 Bc4 33. Kg2 Kh7 34. Ne8 Bf7 35. Rxd7 Nxd7 36. Bxd7 Rb8 37. Bf5+ Bg6 38. Nd6 Rd8 39. Bxg6+ Kxg6 40. Ne4 Kf5 41. Kf3 Ke6 42. g4 hxg4+ 43. hxg4 Rf8 44. Ng3 g6 45. Ne4 f5 46. Nc5+ Kd5 47. g5 Rf7 48. Nd3 1-0

[Event "Chigorin Memorial 13th"]
[Site "St Petersburg"]
[Date "2005.10.16"]
[Round "2"]
[White "Kurenkov, Nikolai"]
[Black "Grigoriev, E."]
[Result "1/2-1/2"]
[WhiteElo "2438"]
[BlackElo "2286"]
[PlyCount "135"]
[EventDate "2005.10.15"]
[EventType "swiss"]
[EventRounds "9"]
[EventCountry "RUS"]
[SourceTitle "CBM 108 Extra"]
[Source "ChessBase"]
[SourceDate "2005.11.04"]
[SourceVersion "1"]
[SourceVersionDate "2005.11.04"]
[SourceQuality "1"]

1. e4 d6 2. d4 g6 3. Nc3 Bg7 4. Bg5 c5 5. dxc5 Qa5 6. Qd2 Bxc3 7. bxc3 Qxc5 8. Nf3 Nc6 9. Rb1 Qa5 10. Bc4 Nf6 11. Bxf6 exf6 12. 0-0 0-0 13. Qxd6 Qxc3 14. Bd5 Kg7 15. Rb3 Qxc2 16. Qa3 Ne5 17. Nxe5 fxe5 18. Qe7 Be6 19. Rxb7 Rae8 20. Qd6 Bxd5 21. Qxd5 Kg8 22. Rxa7 Rd8 23. Qxe5 Rde8 24. Re7 Rxe7 25. Qxe7 Qxa2 26. g3 Qa4 27. f3 Qd4+ 28. Kg2 h5 29. Rf2 Kg7 30. e5 Qd8 31. Qb4 Qd5 32. Qc3 Qe6 33. h3 Rc8 34. Qa5 Qc4 35. Rd2 Qc3 36. Qxc3 Rxc3 37. Kf2 Rc5 38. Re2 Rc3 39. Ra2 Rc5 40. Re2 Rc3 41. h4 Rc6 42. Re4 Rc3 43. Ke2 Ra3 44. Rd4 Kf8 45. Rd3 Ra5 46. f4 Ke7 47. Rb3 Ra7 48. Kf3 Ra4 49. g4 hxg4+ 50. Kxg4 Ra1 51. Rb7+ Kf8 52. h5 Rg1+ 53. Kf3 gxh5 54. f5 Rf1+ 55. Ke4 h4 56. Rb8+ Kg7 57. f6+ Kh7 58. Rb2 Re1+ 59. Kf4 Rf1+ 60. Ke4 Re1+ 61. Kd5 Rd1+ 62. Ke4 Re1+ 63. Kf4 Rf1+ 64. Kg4 Re1 65. Rb5 Kg6 66. Kxh4 Kf5 67. Rb7 Rxe5 68. Rxf7 1/2-1/2

[Event "Pardubice op-A"]
[Site "Pardubice"]
[Date "2005.07.28"]
[Round "7"]
[White "Grigoriev, E."]
[Black "Ozolin, Maxim"]
[Result "0-1"]
[WhiteElo "2257"]
[BlackElo "2394"]
[PlyCount "96"]
[EventDate "2005.07.22"]
[EventType "swiss"]
[EventRounds "9"]
[EventCountry "CZE"]
[SourceTitle "CBM 107 Extra"]
[Source "ChessBase"]
[SourceDate "2005.09.01"]
[SourceVersion "1"]
[SourceVersionDate "2005.09.01"]
[SourceQuality "1"]

1. b3 e5 2. Bb2 Nc6 3. e3 g6 4. f4 d6 5. Bb5 Bg7 6. Nf3 Bd7 7. 0-0 Nge7 8. Bxc6 Nxc6 9. fxe5 dxe5 10. d4 exd4 11. exd4 0-0 12. Nbd2 Re8 13. Kh1 Bf5 14. Nc4 b5 15. Nce5 Nxe5 16. Nxe5 c5 17. Qf3 cxd4 18. Nc6 Qd7 19. Nxd4 Be4 20. Qf2 Rac8 21. Rad1 Qb7 22. c3 f5 23. b4 a6 24. Nb3 Rcd8 25. Rxd8 Rxd8 26. Nc5 Qd5 27. Bc1 Bxc3 28. Nxa6 Bd4 29. Qe2 Ra8 30. Nc7 Rxa2 31. Nxd5 Rxe2 32. Nf4 Rc2 33. h4 Bf6 34. Be3 Bxh4 35. Rc1 Rxc1+ 36. Bxc1 Be7 37. Bd2 Kf7 38. Ne2 g5 39. Nd4 Bd3 40. Nf3 Ke6 41. Nxg5+ Kd5 42. Nf3 Be4 43. Ng5 Kc4 44. Kh2 Bxg5 45. Bxg5 Kxb4 46. Kg1 Kc4 47. Kf2 b4 48. g3 b3 0-1